000 00857cam a2200241 4500
008 000000n2000 000 0 eng u
020 _a0419238301
035 _a(Sirsi) u105589
050 _a693.97
100 _aKendell, Stephen
245 _aResidential open building
260 _aLondon
_bE & F N Spon
_c2000
300 _axii, 301p. ; 24cm.
350 _a55.00
520 _aThis book grows out of the findings of a CIB Task Group. It provides a review of open building, fundamental principles, recent developments and international coverage of current projects in both the public and private arena.
650 _aOPEN BUILDING
650 _aBUILDING ECONOMICS
650 _aCONSTRUCTION TECHNIQUES
650 _aRESIDENTIAL BUILDINGS
690 _aBUILT ENVIRONMENT-CONSTRUCTION DESIGN
700 _aTeicher, Jonathan
942 _n0
999 _c100428
_d100428